[Event "European Rapid 2014"]
[Site "Wroclaw POL"]
[Date "2014.12.21"]
[Round "11.66"]
[White "Ziaziulkina, Nastassia"]
[Black "Eggink, Mateusz"]
[Result "0-1"]
[WhiteTitle "IM"]
[WhiteElo "2427"]
[BlackElo "2247"]
[WhiteFideId "13505211"]
[BlackFideId "1135490"]
[EventDate "2014.12.20"]

1. e4 c5 2. Nf3 d6 3. d4 cxd4 4. Nxd4 Nf6 5. Nc3 a6 6. Bg5 Nbd7 7. Qe2 Qc7 8.
O-O-O b5 9. Nd5 Nxd5 10. exd5 Bb7 11. Nf5 Nb6 12. g3 g6 13. Ne3 Bg7 14. Ng4 Bxd5
15. Nf6+ Bxf6 16. Bxf6 O-O 17. Qxe7 Qxe7 18. Bxe7 Bxh1 19. Bxf8 Kxf8 20. Rxd6
Nc8 21. Rd1 Bc6 22. c4 bxc4 23. Bxc4 Ne7 24. Rd6 a5 25. b3 Ra7 26. Rf6 Bd5 27.
Bb5 Be6 28. Rf4 Nd5 29. Rf3 Rc7+ 30. Kd2 Nb4 31. a3 Rc2+ 32. Ke1 Nd5 33. Bc4 a4
34. Rd3 axb3 35. Bxb3 Rc3 36. Rxd5 Rxb3 37. Ra5 Rb2 38. Kf1 Ke7 39. h4 h5 40.
Kg2 Kd6 41. Kf3 Bg4+ 42. Kg2 Be6 43. Kf3 Bd5+ 44. Ke3 Rb3+ 45. Kd4 Bc6 46. g4
hxg4 47. h5 gxh5 48. Rxh5 Rxa3 49. Rg5 Bd7 50. Rh5 Rf3 51. Rh6+ f6 52. Rh2 Ke6
53. Ke4 f5+ 54. Kd4 Kf6 55. Kd5 Be8 56. Kd4 Bg6 57. Kd5 f4 58. Rg2 Kg5 59. Ke5
Rh3 60. Rg1 f3 61. Rf1 Rh2 62. Kd4 Kh4 63. Ke5 Kh3 64. Kf4 Bd3 65. Rd1 Be2 66.
Rg1 Rxf2 67. Rg3+ Kh2 68. Rxg4 Rg2 69. Rh4+ Kg1 0-1